<?xml version="1.0" encoding="UTF-8"?><?xml-stylesheet type="text/xsl" href="static/style.xsl"?><OAI-PMH xmlns="http://www.openarchives.org/OAI/2.0/" xmlns:xsi="http://www.w3.org/2001/XMLSchema-instance" xsi:schemaLocation="http://www.openarchives.org/OAI/2.0/ http://www.openarchives.org/OAI/2.0/OAI-PMH.xsd"><responseDate>2026-06-01T04:34:08Z</responseDate><request verb="GetRecord" identifier="oai:riuma.uma.es:10630/39061" metadataPrefix="marc">https://riuma.uma.es/rest/oai/request</request><GetRecord><record><header><identifier>oai:riuma.uma.es:10630/39061</identifier><datestamp>2026-02-03T12:55:11Z</datestamp><setSpec>com_10630_23</setSpec><setSpec>com_10630_3139</setSpec><setSpec>com_10630_10</setSpec><setSpec>col_10630_39023</setSpec></header><metadata><record xmlns="http://www.loc.gov/MARC21/slim" xmlns:dcterms="http://purl.org/dc/terms/" xmlns:doc="http://www.lyncode.com/xoai" xmlns:xsi="http://www.w3.org/2001/XMLSchema-instance" xsi:schemaLocation="http://www.loc.gov/MARC21/slim http://www.loc.gov/standards/marcxml/schema/MARC21slim.xsd">
   <leader>00925njm 22002777a 4500</leader>
   <datafield ind2=" " ind1=" " tag="042">
      <subfield code="a">dc</subfield>
   </datafield>
   <datafield ind2=" " ind1=" " tag="720">
      <subfield code="a">Orellana Rico, Pilar</subfield>
      <subfield code="e">author</subfield>
   </datafield>
   <datafield ind2=" " ind1=" " tag="260">
      <subfield code="c">2025</subfield>
   </datafield>
   <datafield ind2=" " ind1=" " tag="520">
      <subfield code="a">El collage representa el concepto de Economía circular desde una perspectiva pop: accesible, divertida, colaborativa y llena de color. En la imagen se mues- tran distintas manos que representan el espíritu colaborativo de los proyectos de economía circular —donde todas las aportaciones suman—, así como las muchas vidas que pueden tener los recursos que se reinventan al pasar de mano a mano, de uso a uso. Todo en el marco del cuidado de nuestro planeta. Mediante esta representación en estilo pop intento que esta filosofía se perciba como algo popular y cercano, algo de lo que todos podemos formar parte. Lo que podía percibirse en blanco y negro, en realidad es una explosión de color que nos involucra a todos.</subfield>
   </datafield>
   <datafield ind1="8" ind2=" " tag="024">
      <subfield code="a">Orellana Rico, Pilar. Economía circular pop. Paradigma, n. 27. p.76. 2025</subfield>
   </datafield>
   <datafield ind1="8" ind2=" " tag="024">
      <subfield code="a">https://hdl.handle.net/10630/39061</subfield>
   </datafield>
   <datafield ind2="0" ind1="0" tag="245">
      <subfield code="a">Economía circular pop</subfield>
   </datafield>
</record>
</metadata></record></GetRecord></OAI-PMH>